Size and economic development

Gorde:
Xehetasun bibliografikoak
Egile nagusia: Brown, Aldith
Formatua: Texto
Argitaratua: Mona: University West Indies
Etiketak: Etiketa erantsi
Etiketarik gabe, Izan zaitez lehena erregistro honi etiketa jartzen!

MARC

LEADER 00000 a a2200000 04500
001 21392
003
040
090 |a 094100  
100 |a Brown, Aldith  
245 |a Size and economic development  
260 |a Mona:   |b University West Indies  
300 |a 28 p.  
999 |c 13506  |d 13506